Statistics for British Colonial Flags

Click here to take the quiz!

General Stats

  • This quiz has been taken 49 times
  • The average score is 7 of 12

Answer Stats

Answer% Correct
Kiribati
86%
Ireland
78%
Canada
73%
Hong Kong
70%
Fiji
70%
Uganda
59%
Malta
59%
Tanganyika/Tanzania
54%
Dominica
49%
Nigeria
41%
Burma/Myanmar
30%
Gambia
19%

Score Distribution

Percentile by Number Answered

Percent of People with Each Score

Your Score History

You have not taken this quiz